000 00896nam a2200229 a 4500
001 000014158
005 20240307073945.0
008 091207s2004 dr 000 0 spa d
020 _a9993477494
040 _aDO-SdBNP
_bspa
_cBNPHU
082 _axxxx
_bA658m
100 1 _aAracena, Eladio Felipe
_932000
245 1 0 _aMétodos matemáticos para el uso de los sistemas de medidas :
_baplicación práctica en el cálculo de longitudes, áreas, volúmenes y pesos.
260 _aSanto Domingo :
_bUASD,
_c2004.
300 _a99 p. :
_bil. ;
_c21 cm.
490 1 _aPublicaciones de la Universidad Autnoma de Santo Domingo
_vv. 956
490 1 _aMatemáticas para todos
_vv. 1
710 1 _aUniversidad Autónoma de Santo Domingo
_972951
830 _aPublicaciones de la Universidad Autónoma de Santo Domingo ;
_n1150
_911848
830 0 _aMatemáticas para todos
_nno. 1
_932002
049 _aBNPD
999 _c13760
_d13760